Gender equity or bust! (Record no. 4717)
[ view plain ]
| 000 -LEADER | |
|---|---|
| fixed length control field | 01564nam a22003614a 4500 |
| 082 04 - DEWEY DECIMAL CLASSIFICATION NUMBER | |
| Classification number | 378/.0082 |
| 245 00 - TITLE STATEMENT | |
| Title | Gender equity or bust! |
| 250 ## - EDITION STATEMENT | |
| Edition statement | 1st ed. |
| 260 ## - PUBLICATION, DISTRIBUTION, ETC. (IMPRINT) | |
| Place of publication | San Francisco : |
| Name of publisher | Jossey-Bass Publishers, |
| Year of publication | c2001. |
| 300 ## - PHYSICAL DESCRIPTION | |
| Number of Pages | xxvii, 303 p. |
| 490 1# - SERIES STATEMENT | |
| Series statement | The Jossey-Bass higher and adult education series |
| 650 #0 - SUBJECT ADDED ENTRY--TOPICAL TERM | |
| Topical Term | Women college teachers |
| Topical Term | Women |
| Topical Term | Sex discrimination in education |
| 700 1# - ADDED ENTRY--PERSONAL NAME | |
| Personal name | Wenniger, Mary Dee, |
| Personal name | Conroy, Mary Helen. |
| 856 40 - ELECTRONIC LOCATION AND ACCESS | |
| Uniform Resource Identifier | http://site.ebrary.com/lib/rucke/Doc?id=10001709 |
No items available.
